Capital Cities Beginning with V - Statistics

General Stats
  • This quiz has been taken 37 times
  • The average score is 5 of 7
Answer Stats
Answer % Correct
Vienna
81%
Vatican City
78%
Vientiane
78%
Vaduz
72%
Vilnius
72%
Valletta
56%
Victoria
41%
No matching quizzes found
Score Distribution
Percent of People with Each Score
Percentile by Number Answered
Your Score History
You have not taken this quiz